|
|
|
|
| LEADER |
01015naa a2200265 i 4500 |
| 001 |
acta74728 |
| 005 |
20220822084122.0 |
| 008 |
220324s2021 hu o 0|| eng d |
| 020 |
|
|
|a 978-963-306-804-5
|
| 022 |
|
|
|a 2677-1268
|
| 024 |
7 |
|
|a 10.14232/sua.2021.54.275-287
|2 doi
|
| 040 |
|
|
|a SZTE Egyetemi Kiadványok Repozitórium
|b hun
|
| 041 |
|
|
|a eng
|
| 100 |
1 |
|
|a Bíró Bernadett
|
| 245 |
1 |
0 |
|a Ethnosyntax in Siberian Uralic languages
|h [elektronikus dokumentum] /
|c Bíró Bernadett
|
| 260 |
|
|
|a University of Szeged
|b Szeged
|c 2021
|
| 300 |
|
|
|a 275-287
|
| 490 |
0 |
|
|a Uralic studies, languages, and researchers : proceedings of the 5th Mikola Conference 19-20, September 2019
|v 54
|
| 650 |
|
4 |
|a Bölcsészettudományok
|
| 650 |
|
4 |
|a Nyelvek és irodalom
|
| 695 |
|
|
|a Uráli nyelvek, Uralisztika
|
| 700 |
0 |
1 |
|a Sipőcz Katalin
|e aut
|
| 700 |
0 |
1 |
|a Szeverényi Sándor
|e aut
|
| 710 |
|
|
|a Mikola Conference (5.) (2019) (Szeged)
|
| 856 |
4 |
0 |
|u http://acta.bibl.u-szeged.hu/74728/1/altaica_054_275-287.pdf
|z Dokumentum-elérés
|